Zákony VI/2017 zborník úplných znení zákonov a súvisiacich predpisov k 1.1.2017 z oblasti životného prostredia
Gespeichert in:
| Format: | Buch |
|---|---|
| Sprache: | Slowakisch |
| Veröffentlicht: |
Žilina
Poradca
2017
|
| Schlagworte: | |
| Tags: |
Keine Tags, Fügen Sie das erste Tag hinzu!
|
MARC
| LEADER | 00000nam a2200000 4500 | ||
|---|---|---|---|
| 001 | 0227924 | ||
| 005 | 20230109073235.0 | ||
| 022 | |a 1335-6127 | ||
| 041 | 0 | |a slo | |
| 044 | |a SK | ||
| 245 | 1 | 0 | |a Zákony VI/2017 |b zborník úplných znení zákonov a súvisiacich predpisov k 1.1.2017 z oblasti životného prostredia |
| 264 | 1 | |a Žilina |b Poradca |c 2017 | |
| 300 | |a 736 s. | ||
| 610 | 2 | 0 | |a predpisy právne |
| 610 | 2 | 0 | |a legislatíva |
| 610 | 2 | 0 | |a prostredie životné |
| 610 | 2 | 0 | |a vzduch |
| 610 | 2 | 0 | |a voda |
| 610 | 2 | 0 | |a lesy |
| 610 | 2 | 0 | |a odpad |
| 610 | 2 | 0 | |a ochrana prírody |
| 610 | 2 | 0 | |a Slovensko |
| 610 | 2 | 0 | |a 2017 |